000 00636nam a2200241 a 4500
001 nice12345678
003 IN_TiNIC
005 20260116014344.0
008 100119s2009 newa grp 000 0 eng
020 _a9788184352016
_c550
082 0 0 _a142
_bRAU
100 _aRaul, Karunakar
245 _aAgainst the Grain George Orwell and Existentialism
260 _aNew Delhi
_bAdhyayan Pubs. & Disbs.
_c2009
300 _a206p
500 _aincludes index and biblioraphy
505 2 _aBibliography, Index
650 _aEnglish-Literature
700 1 _aRaul, Karunakar
902 _bSRS
942 _cBK
999 _c14958
_d14958